00519 2200205 4500001002100000008004100021035002000062245007100082100001800153250000600171260004100177300001100218084001400229082000800243650001400251990001200265990001200277990001200289990001200301INLIS000000000000552 ind  a0010-0424000528 aEnsiklopedia Seni Budaya; Cara Terbaru Belajar BiolacGiri Suryadi aSuryadi, Giri a1 aYogyakarta :bCitra Aji Paramac2013 a80 hlm a700 GIR e a700 aNon Fiksi a0722236 a0722237 a0722238 a0722239